| 000 | 00850na a2200289 4500 | ||
|---|---|---|---|
| 001 | 15675 | ||
| 003 | MIRAKIL | ||
| 005 | 20181213155145.0 | ||
| 008 | 160920b tu 000 0 | ||
| 020 | _a9759693550 | ||
| 035 | _a15675 | ||
| 040 |
_aMilas _btur _cTR-AnCHP |
||
| 082 |
_a324.609561 _bT85ç 2003 |
||
| 090 | _a324.609561 T85ç 2003 | ||
| 100 | _aTuncer, Erol | ||
| 245 |
_aÇok partili dönemde seçimler ve seçim sistemleri _cErol Tuncer, Necati Danacı |
||
| 260 |
_aAnkara _bTESAV _c2003 |
||
| 300 |
_avi, 220 s. _btbl. _c24 sm. |
||
| 490 |
_aTESAV yayınları _v21 |
||
| 504 | _aKaynakça var. | ||
| 650 |
_aSiyasal partiler _xTarih _zTürkiye |
||
| 650 |
_aSeçim sistemleri _xTarih _zTürkiye |
||
| 650 |
_aSeçimler _xTarih _zTürkiye |
||
| 651 |
_aTürkiye _xSiyasal tarih |
||
| 700 | _aDanacı, Necati | ||
| 942 |
_2ddc _cBKS |
||
| 999 |
_c7652 _d7652 |
||